• 首页
  • 本馆介绍
  • 公告通知
  • 最新文献
  • 馆藏检索
  • 电子资源
  • 读者导购
  • 参考咨询
  • 我的图书馆
  • 登录
  • 详细信息显示
  • 放入我的书架
  • 预约/预借图书
  • 作者相关作品
  • 分类相关作品
  • 丛书相关作品
  • 出版社相关作品

书目信息

  • 表格格式
  • 工作单格式
  • 卡片格式
题名:
档案编研的理论与方法
    
 
作者: 葛荷英 编著
分册:  
出版信息: 南京   南京大学出版社  1993
页数: 277页
开本: 21cm
丛书名:
单 册:
中图分类: G272
科图分类:
主题词: 档案学 , 档案工作
电子资源:
ISBN:
000 00562nam0 2200205 450
001 0639496406
005 20060810105916.87
010    @dCNY6.50
100    @a20060810d1993 km y0chiy0120 ea
101 0  @achi
102    @aCN@b320000
200 1  @a档案编研的理论与方法@Adang an bian yan de li lun yu fang fa@f葛荷英编著@Fge he ying bian zhu
210    @a南京@c南京大学出版社@d1993
215    @a277页@d21cm
606 0  @a档案学
606 0  @a档案工作
690    @aG272@v3
701  0 @a葛荷英@Age he ying@4编著
801  0 @aCN@bPFT@c20060810
905    @a10447@dG272@e46
    
    档案编研的理论与方法/葛荷英编著.-南京:南京大学出版社,1993
    277页;21cm
    
    
    ISBN :CNY6.50
    
●
相关链接 在E读中查询图书 在五车中查询图书 在当当中查询图书 在豆瓣中查询图书


正题名:档案编研的理论与方法     索取号:G272/46         预约/预借

序号 登录号 条形码 馆藏地/架位号 状态 备注
1 0448392   204483923   密集书库/ [索取号:G272/46] 在馆    
唐山师范学院图书馆 欢迎您!
大连网信软件有限公司© 版权所有